| 000 -ლიდერი |
| ფიქსირებული სიგრძის საკონტროლო ველი |
00790nam a2200193Ia 4500 |
| 001 - საკონტროლო ნომერი |
| საკონტროლო ველი |
3537 |
| 003 - საკონტროლო ნომრის იდენტიფიკატორი |
| საკონტროლო ველი |
GE_BSU |
| 005 - ბოლო ოპერაციის თარიღი და დრო |
| საკონტროლო ველი |
20190603180549.0 |
| 008 - ფიქსირებული სიგრძის მონაცემთა ელემენტები - ზოგადი ინფორმაცია |
| ფიქსირებული სიგრძის საკონტროლო ველი |
181216s1976||||ge |||||||||||||| ||geo|| |
| 040 ## - კატალოგიზაციის წყარო |
| Transcribing agency |
GE_BSU |
| 041 ## - ენის კოდი |
| Language code of text/sound track or separate title |
geo |
| 080 ## - უნივერსალური ათობითი კლასიფიკაციის ინდექსი |
| Universal Decimal Classification number |
615.384+615.38 ტ-97 |
| 100 ## - მთავარი ჩანაწერი - პიროვნების სახელი |
| Personal name |
ტყეშელაშვილი,თ. |
| 9 (RLIN) |
2024 |
| 245 ## - ცნობა სათაურის შესახებ |
| Title |
სისხლშემვლელები,სისხლის კომპონენტები და პრეპარატები / |
| Statement of responsibility, etc |
თ.ტყეშელაშვილი ; რედ : ა. ბაჩიძე. |
| 264 ## - წარმოების, გამოცემის, დისტრიბუციის და სხვა ცნობები |
| გამოცემის, წარმოების, დისტრიბუციის... ადგილი |
თბილისი : |
| გამოცემის, წარმოების, დისტრიბუციის... სახელწოდება |
განათლება, |
| გამოცემის, წარმოების, დისტრიბუციის... თარიღი |
1976. |
| 300 ## - ფიზიკური აღწერა |
| Extent |
210 გვ. : |
| Other physical details |
ილ; |
| Dimensions |
21 სმ |
| 700 ## - ADDED ENTRY--PERSONAL NAME |
| Personal name |
ბაჩიძე, ა |
| Relator term |
რედაქტორი |
| 9 (RLIN) |
2025 |
| 942 ## - ADDED ENTRY ELEMENTS (KOHA) |
| Koha item type |
წიგნი |
| Source of classification or shelving scheme |
|